Statistics for Countries by Satellite Image #5

Click here to take the quiz!

General Stats

  • This quiz has been taken 69,484 times
  • The average score is 11 of 16

Answer Stats

Answer% Correct
Japan
99%
Canada
95%
Greece
92%
Indonesia
92%
Madagascar
91%
Sri Lanka
85%
Yemen
82%
Thailand
76%
Morocco
73%
Peru
62%
Venezuela
61%
East Timor
48%
Malta
47%
Namibia
40%
Vanuatu
35%
Belize
19%

Score Distribution

Percentile by Number Answered

Percent of People with Each Score

Your Score History

You have not taken this quiz